[Event "BCF-chT 96/97"]
[Site "England"]
[Date "1996.??.??"]
[Round "?"]
[White "Crombleholme, Alan"]
[Black "Buckley, Graeme"]
[Result "0-1"]
[WhiteElo "2070"]
[BlackElo "2320"]

1.d4 Nf6 2.Bg5 Ne4 3.Bf4 c5 4.f3 Nf6 5.d5 d6 6.e4 e5 7.Be3 Be7 8.c4 Na6 9.Nc3 Nc7
10.Bd3 O-O 11.Nge2 Nh5 12.Qd2 g6 13.O-O-O a6 14.g4 Ng7 15.h4 b5 16.Rdg1 bxc4
17.Bxc4 Nb5 18.Rg3 Nd4 19.Bh6 f6 20.f4 Rf7 21.h5 g5 22.fxe5 fxe5 23.Bxg7 Kxg7
24.Nd1 Rf4 25.Nxf4 gxf4 26.Ra3 Bg5 27.Qa5 Qf8 28.Qc7+ Kg8 29.h6 Bd8 30.Qg7+ Qxg7
31.hxg7 Ra7 32.Nf2 a5 33.Rh6 f3 34.Rxd6 Bh4 35.Nd3 Kxg7 36.Nxe5 f2 37.Nf3 Nxf3
38.Rxf3 Bxg4 39.Rb3 Re7 40.Bd3 Rxe4 41.Rb7+ Re7 42.Rdb6 Bg5+ 43.Kc2 Bf5  0-1

[Event "FIN-chT 9596"]
[Site "FIN"]
[Date "1996.??.??"]
[Round "2"]
[White "Paasikangas, Johanna"]
[Black "Hartikainen, Markku"]
[Result "1/2-1/2"]
[WhiteElo "2200"]
[BlackElo "2290"]

1.d4 Nf6 2.Bg5 Ne4 3.h4 d5 4.Nd2 Nxg5 5.hxg5 Bf5 6.e3 e6 7.f4 c5 8.Bb5+ Nc6
9.Ngf3 Bd6 10.Bxc6+ bxc6 11.Ne5 Qb6 12.g4 Be4 13.Nec4 dxc4 14.Nxe4 Be7 15.f5 cxd4
16.Qxd4 Rd8 17.Qxb6 axb6 18.f6 gxf6 19.gxf6 Bd6 20.Ke2 Be5 21.c3 Ra8 22.Rh5 Bc7
23.a3 Ra5 24.Rxa5 bxa5 25.Rd1 h5 26.Rh1 h4 27.Nd2 h3 28.Nxc4 h2 29.Nd2 Rh4
30.g5 Rg4 31.Nf3 Rg2+ 32.Kd3 Rxb2 33.e4 Bg3 34.e5 Ra2 35.Rb1 Rb2 36.Rd1 Kf8
37.Ke3 Ke8 38.Kd3 a4 39.Ke4 Re2+ 40.Kd3 Rf2 41.Ke3 c5 42.g6 fxg6 43.Rb1 Rc2
44.Rb8+ Kd7 45.Rh8 Rxc3+ 46.Ke2 Rxf3 47.Kxf3 Bxe5 48.Ke4 Bxf6 49.Rxh2 c4
50.Rh6 Bb2 51.Rxg6 Kd6 52.Rg8 Bxa3 53.Ra8 c3 54.Kd3 Bb4 55.Rxa4 Kc5 56.Ra8 e5  1/2-1/2

[Event "FIN-chT 9596"]
[Site "FIN"]
[Date "1996.??.??"]
[Round "11"]
[White "Puranen, Jukka"]
[Black "Henttinen, Markku IO"]
[Result "1-0"]
[WhiteElo "2300"]
[BlackElo "2290"]

1.d4 Nf6 2.Bg5 Ne4 3.Bf4 d5 4.f3 Nf6 5.e3 c5 6.c3 Nc6 7.Bd3 Qb6 8.Qc1 g6
9.Ne2 Bg7 10.Nd2 O-O 11.dxc5 Qxc5 12.e4 e5 13.Bg3 Bh6 14.Bf2 Be3 15.O-O Bxf2+
16.Rxf2 Qe3 17.exd5 Qxd3 18.dxc6 bxc6 19.Ng3 Nd5 20.Qe1 f6 21.Nde4 f5 22.Rd1 Qe3
23.Nd2 Qxe1+ 24.Rxe1 Nf4 25.Rb1 Ba6 26.c4 Rad8 27.b3 Rd7 28.Ndf1 Rfd8 29.Rc2 Kf7
30.Ne2 Ne6 31.Kf2 Kf6 32.Rbb2 Nc5 33.Rb1 Nd3+ 34.Kg1 Nb4 35.Rcb2 c5 36.Nc3 Rd3
37.Na4  1-0

[Event "BEL-ch"]
[Site "Geel"]
[Date "1996.??.??"]
[Round "4"]
[White "Mohandesi, Shahin"]
[Black "Cekro, Ekrem"]
[Result "1-0"]
[WhiteElo "2355"]
[BlackElo "2410"]

1.d4 Nf6 2.Bg5 Ne4 3.Bf4 d5 4.e3 Nd7 5.Nd2 Nxd2 6.Qxd2 Nf6 7.Bd3 c6 8.O-O-O g6
9.Be5 Bh6 10.h4 Bg7 11.Ne2 Nh5 12.Bh2 f5 13.f3 Be6 14.Nf4 Nxf4 15.Bxf4 Bf6
16.Rdg1 Qd7 17.Qe2 h5 18.g4 fxg4 19.Bxg6+ Kd8 20.fxg4 Bxg4 21.Qe1 b6 22.Bd3 Qe6
23.Qb4 Ke8 24.Rf1 Rg8 25.e4 Bh3 26.exd5 cxd5 27.Re1 Qg4 28.Qb5+ Kf7 29.Qxd5+ e6
30.Qd7+ Be7 31.Bd6 Rge8 32.Rhf1+ Bxf1 33.Rxf1+ Kg8 34.Bxe7 Qg7 35.Qxe6+ Kh8
36.Rf7  1-0

[Event "Geneve op"]
[Site "Geneve"]
[Date "1996.??.??"]
[Round "1"]
[White "Allegro, Valery"]
[Black "Klovans, Janis"]
[Result "0-1"]
[WhiteElo "2215"]
[BlackElo "2520"]

1.d4 Nf6 2.Bg5 Ne4 3.Bf4 c5 4.f3 Nf6 5.d5 Qb6 6.Bc1 e6 7.c4 exd5 8.cxd5 c4
9.Nc3 Bc5 10.Nh3 d6 11.g4 Nbd7 12.Qa4 O-O 13.Qxc4 Re8 14.Qb3 Bb4 15.Bd2 Nc5
16.Qc4 Bd7 17.Qd4 Re5 18.Nf4 Rae8 19.h4 Bxg4 20.fxg4 Re4 21.Qg1 Rxf4 22.Bxf4 Nd3+
23.Kd2 Bc5 24.Qg3 Nf2 25.Bg2 Qxb2+ 26.Ke1 Qxa1+ 27.Kd2 Nxh1 28.Bxh1 Qxh1  0-1

[Event "Geneve op"]
[Site "Geneve"]
[Date "1996.??.??"]
[Round "3"]
[White "Landenbergue, Claude"]
[Black "Cebalo, Miso"]
[Result "0-1"]
[WhiteElo "2430"]
[BlackElo "2495"]

1.d4 Nf6 2.Bg5 Ne4 3.Bf4 c5 4.f3 Nf6 5.dxc5 Qa5+ 6.Qd2 Qxc5 7.e4 d6 8.Nc3 Nbd7
9.O-O-O a6 10.Nge2 b5 11.Nd4 Bb7 12.Kb1 Rc8 13.a3 g6 14.Be3 Qc7 15.Be2 h5
16.Rhe1 Bg7 17.Bf1 Ne5 18.h3 Nc4 19.Bxc4 Qxc4 20.Nb3 Ba8 21.Bd4 O-O 22.g4 h4
23.Na5 Qc7 24.Nd5 Nxd5 25.Bxg7 Kxg7 26.exd5 Rfe8 27.Nb3 Kg8 28.Re3 Qa7 29.Rd3 Rc4
30.f4 f6 31.Re1 Kf7 32.Na5 Rc5 33.g5 Qd7 34.Nb3 Rcc8 35.Nd4 Bxd5 36.f5 gxf5
37.Qf4 Be4 38.g6+ Kg7 39.Rxe4 fxe4 40.Nf5+ Qxf5 41.Qxf5 exd3 42.Qxd3 Rc5
43.Qe4 Re5 44.Qxh4 Rh8  0-1

[Event "BL2-O9596"]
[Site "Germany"]
[Date "1996.??.??"]
[Round "?"]
[White "Majer, Damir"]
[Black "Jasnikowski, Zbigniew"]
[Result "1/2-1/2"]
[WhiteElo "2275"]
[BlackElo "2435"]

1.d4 Nf6 2.Bg5 Ne4 3.Bf4 d5 4.Nd2 Bf5 5.e3 e6 6.Ne2 Bd6 7.c3 O-O 8.Bxd6 Qxd6
9.Nxe4 Bxe4 10.Ng3 Bg6 11.Bd3 e5 12.O-O Nd7 13.Bxg6 hxg6 14.e4 Rad8 15.Re1 Qb6
16.dxe5 dxe4 17.e6 Qxe6 18.Rxe4 Nc5 19.Rxe6 Rxd1+ 20.Rxd1  1/2-1/2

[Event "BL2-O9596"]
[Site "Germany"]
[Date "1996.??.??"]
[Round "?"]
[White "Lorenz, Gerd"]
[Black "Doeres, Hans Juergen"]
[Result "1/2-1/2"]
[WhiteElo "2255"]
[BlackElo "2250"]

1.d4 Nf6 2.Bg5 Ne4 3.Be3 d5 4.f3 Nf6 5.Bf2 Bf5 6.Nd2 e6 7.c3 c6 8.e3 Bd6
9.Ne2 h5 10.Nc1 Qc7 11.Bd3 Nbd7 12.Qc2 Bxd3 13.Nxd3 e5 14.O-O-O O-O-O 15.dxe5 Nxe5
16.Nxe5 Bxe5 17.h3 Kb8 18.Rhe1 Rhe8 19.Nf1 g6 20.Bh4 Qe7  1/2-1/2

[Event "Oberliga Nord W9596"]
[Site "Germany"]
[Date "1996.??.??"]
[Round "?"]
[White "Jugelt, Tobias"]
[Black "Sawatzki, Frank"]
[Result "1-0"]
[WhiteElo "2280"]
[BlackElo "2245"]

1.d4 Nf6 2.Bg5 Ne4 3.Bh4 c5 4.f3 g5 5.fxe4 gxh4 6.c3 Qb6 7.Qb3 Qh6 8.Nd2 Nc6
9.Ngf3 Bg7 10.dxc5 O-O 11.Qd5 Kh8 12.g4 hxg3 13.Bg2 d6 14.hxg3 Qg6 15.cxd6 Be6
16.Qh5 Qxg3+ 17.Kf1 Qg6 18.dxe7 Nxe7 19.Qc5 f5 20.e5 Nd5 21.Nh4 Qg5 22.Bxd5 Bxd5
23.Qxd5  1-0

[Event "Oberliga Nord W9596"]
[Site "Germany"]
[Date "1996.??.??"]
[Round "?"]
[White "Sawatzki, Frank"]
[Black "Heinemann, Dieter"]
[Result "1-0"]
[WhiteElo "2245"]
[BlackElo "2280"]

1.d4 Nf6 2.Bg5 Ne4 3.Bh4 d5 4.Nd2 Nxd2 5.Qxd2 g6 6.Nf3 Bg7 7.Bg5 h6 8.Bf4 g5
9.Be5 f6 10.Bg3 Nc6 11.e3 e6 12.c4 Ne7 13.Rc1 c6 14.Bd3 Nf5 15.cxd5 exd5
16.Qc2 Qa5+ 17.Nd2 Nxg3 18.Bg6+ Kd8 19.fxg3 Kc7 20.O-O Bd7 21.Nb3 Qa4 22.Qc5 Qxa2
23.Qc3 Qa6 24.Nc5 Qb6 25.Qd3 a5 26.Bf5  1-0

[Event "BL2-S9596"]
[Site "Germany"]
[Date "1996.??.??"]
[Round "?"]
[White "Zlochevskij, Alexander"]
[Black "Gauglitz, Gernot"]
[Result "1/2-1/2"]
[WhiteElo "2405"]
[BlackElo "2400"]

1.d4 Nf6 2.Bg5 Ne4 3.Bh4 c5 4.f3 Nf6 5.c3 cxd4 6.cxd4 Qb6 7.Qd2 Nc6 8.e3 e6
9.Nc3 d5 10.Bd3 Be7 11.Bg3 Bd7 12.Nge2 a5 13.Na4 Qa7 14.Nec3 Bb4 15.a3 Bxc3
16.Nxc3 Ne7 17.Nb5 Bxb5 18.Bxb5+ Nc6 19.Bd6 Qb6 20.a4 Nd7 21.Rc1 Ndb8 22.Qf2 f6
23.g4 Na6 24.Qg3 h6 25.O-O Kf7 26.Rc3 Rhd8 27.Rfc1 Kg8 28.Ba3 Ncb4 29.Bxb4 axb4
30.R3c2 e5 31.Qf2 Qe6 32.h3 Rac8 33.b3 Rxc2 34.Rxc2 Rc8 35.Qd2 Rxc2 36.Qxc2 exd4
37.exd4 Qe1+ 38.Kg2 Qc3 39.Qf5 Qd2+ 40.Kf1 Qd1+ 41.Kg2 Qd2+  1/2-1/2

[Event "BL2-O9697"]
[Site "Germany"]
[Date "1996.??.??"]
[Round "?.5"]
[White "Lorenz, Gerd"]
[Black "Jahn, Constanze"]
[Result "1-0"]
[WhiteElo "2260"]
[BlackElo "2235"]

1.d4 Nf6 2.Bg5 Ne4 3.h4 c5 4.dxc5 Qa5+ 5.Nd2 Nxg5 6.hxg5 Qxc5 7.Ngf3 g6 8.c3 Bg7
9.e3 Nc6 10.Nb3 Qb6 11.Bc4 d6 12.Rh4 h6 13.gxh6 Rxh6 14.Rxh6 Bxh6 15.Qd5 Be6
16.Qe4 Bxc4 17.Qxc4 e6 18.Qh4 Bg7 19.O-O-O Qc7 20.Qh7 Kf8 21.Ng5 Rc8 22.Kb1 a5
23.Qh4 b5 24.Qf4 Qe7 25.Qxd6 Qxd6 26.Rxd6 Ke7 27.Rd1 b4 28.cxb4 Nxb4 29.Rc1 Rxc1+
30.Nxc1 Kf6 31.Nf3 e5 32.Nd2 Bf8 33.a3 Nc6 34.Kc2 Ke6 35.Kb3 Kd5 36.Ne2 f5
37.Ka4 Be7 38.Kb5 Bd8 39.Nc3+ Kd6 40.Nc4+ Kd7 41.Nd5 g5 42.Kc5 e4 43.Ndb6+ Kc7
44.Nd5+ Kd7 45.Ncb6+ Bxb6+ 46.Nxb6+ Kc7 47.Nc4 Kd7 48.Kd5  1-0

[Event "BL2-O9697"]
[Site "Germany"]
[Date "1996.??.??"]
[Round "?.5"]
[White "Rupp, Markus"]
[Black "Albrecht, Hans"]
[Result "1/2-1/2"]
[WhiteElo "2255"]
[BlackElo "2295"]

1.d4 Nf6 2.Bg5 Ne4 3.Bf4 d5 4.Nd2 Bf5 5.e3 e6 6.Bd3 Nxd2 7.Qxd2 Bg6 8.Ne2 Nd7
9.O-O Be7 10.b3 O-O 11.c4 c6 12.a3 Re8 13.Nc3 Nf6 14.Rfd1 Bd6 15.Bg3 Bxg3
16.hxg3  1/2-1/2

[Event "Bundesliga 9596"]
[Site "Germany"]
[Date "1996.??.??"]
[Round "?"]
[White "Breutigam, Martin"]
[Black "Heinemann, Thies"]
[Result "1-0"]
[WhiteElo "2340"]
[BlackElo "2410"]

1.d4 Nf6 2.Bg5 Ne4 3.h4 d5 4.Nd2 Nxg5 5.hxg5 c5 6.dxc5 e6 7.Ngf3 Bxc5 8.e3 Be7
9.g6 fxg6 10.Bd3 Bf6 11.Bxg6+ Ke7 12.Rxh7 Rxh7 13.Bxh7 Bxb2 14.Rb1 Bf6 15.c4 Nc6
16.Qc2 Qc7 17.g4 d4 18.g5 Be5 19.Nxe5 Qxe5 20.Nf3 Qa5+ 21.Ke2 dxe3 22.fxe3 Bd7
23.Rb5 Qc7 24.Qb2 Kf8 25.Rxb7 Qd6 26.Be4 Rd8 27.Qa1 Na5 28.Qh1 Ke7 29.Qh7 Rf8
30.Qxg7+ Rf7 31.Rxd7+ Qxd7 32.Qxf7+ Kxf7 33.Ne5+ Ke7 34.Nxd7 Kxd7 35.Kd3  1-0

[Event "Bundesliga 9596"]
[Site "Germany"]
[Date "1996.??.??"]
[Round "?"]
[White "Fischdick, Gisela"]
[Black "Vogt, Lothar"]
[Result "1/2-1/2"]
[WhiteElo "2300"]
[BlackElo "2490"]

1.d4 Nf6 2.Bg5 Ne4 3.Bf4 d5 4.Nd2 Bf5 5.Nxe4 Bxe4 6.e3 c5 7.c3 Nc6 8.Nf3 Qb6
9.Qb3 c4 10.Qxb6 axb6 11.Nd2 Bg6 12.e4 e6 13.exd5 exd5 14.Be2 Kd7 15.O-O Bd6
16.Bxd6 Kxd6 17.Rfe1 Rhe8 18.a3 Re7 19.f3 b5 20.Kf2 Nb8 21.f4 Be4 22.Nxe4+ Rxe4
23.Bf3 Rxe1 24.Rxe1 Nd7 25.g4 h6 26.Kg3 Nb6 27.h4 Rd8 28.Bd1 Na4  1/2-1/2

[Event "Bundesliga 9596"]
[Site "Germany"]
[Date "1996.??.??"]
[Round "?"]
[White "Hodgson, Julian M"]
[Black "Nunn, John DM"]
[Result "0-1"]
[WhiteElo "2590"]
[BlackElo "2615"]

1.d4 Nf6 2.Bg5 Ne4 3.Bf4 d5 4.e3 Bf5 5.f3 Nf6 6.g4 Bg6 7.h4 h5 8.g5 Nfd7
9.Nc3 c6 10.Bd3 Bxd3 11.Qxd3 g6 12.e4 e6 13.O-O-O Be7 14.Re1 Na6 15.a3 Nb6
16.Be5 O-O 17.Bf6 Bxf6 18.gxf6 Qxf6 19.Nh3 c5 20.e5 Qf5 21.Qd2 Nc4 22.Qh6 cxd4
23.Nxd5 exd5 24.Ng5 Rfe8 25.e6 fxe6 26.Rhg1 d3 27.Ne4 Ne5 28.Nd6 Qf8 29.Qxf8+ Rxf8
30.Rxe5 Rf6 31.cxd3 Nc5 32.Kd2 Kh7 33.b4 Nd7 34.Ree1 a5 35.Rc1 Ne5 36.Rgf1 axb4
37.axb4 Nxf3+ 38.Ke3 d4+  0-1

[Event "Bundesliga 9596"]
[Site "Germany"]
[Date "1996.??.??"]
[Round "?"]
[White "Hodgson, Julian M"]
[Black "Pribyl, Martin"]
[Result "0-1"]
[WhiteElo "2615"]
[BlackElo "2325"]

1.d4 Nf6 2.Bg5 Ne4 3.Bf4 d5 4.e3 Bf5 5.f3 Nf6 6.c4 c6 7.Nc3 e6 8.Qb3 b6 9.g4 Bg6
10.h4 h6 11.Nh3 Bd6 12.O-O-O dxc4 13.Bxc4 Nd5 14.Bxd6 Qxd6 15.e4 Nxc3 16.Qxc3 Nd7
17.Bd3 Qc7 18.f4 O-O-O 19.f5 Bh7 20.e5 Kb8 21.Nf4 exf5 22.gxf5 c5 23.Rhg1 Rc8
24.Rxg7 cxd4 25.Qxc7+ Rxc7+ 26.Kb1 Nxe5 27.Be4 d3 28.Nxd3 Nxd3 29.Rxd3 Re7
30.Rxh7 Rxh7 31.Rd8+ Kc7 32.Rd4 Rg7 33.Rc4+ Kd6 34.Rc6+ Ke5 35.Bd3 Rd7 36.Bc4 h5
37.Kc2 Kxf5 38.Rh6 Rg2+ 39.Kb3 Kg4 40.Rh7  0-1

[Event "Bundesliga 9596"]
[Site "Germany"]
[Date "1996.??.??"]
[Round "?"]
[White "Hodgson, Julian M"]
[Black "Smejkal, Jan"]
[Result "1-0"]
[WhiteElo "2615"]
[BlackElo "2510"]

1.d4 Nf6 2.Bg5 Ne4 3.Bf4 d5 4.e3 c6 5.Bd3 Qb6 6.Bxe4 Qxb2 7.Nd2 dxe4 8.Ne2 Nd7
9.Nxe4 g6 10.O-O Bg7 11.Qd3 Qb6 12.a4 O-O 13.a5 Qd8 14.Qc3 a6 15.Rfd1 h6
16.Rab1 Nf6 17.Nxf6+ exf6 18.Qa3 Re8 19.c4 Bf8 20.c5 g5 21.Bg3 f5 22.Nc3 Qf6
23.Be5 Rxe5 24.dxe5 Qxe5 25.Rd8 Kg7 26.Na4 Be7 27.Re8 Qc7 28.Nb6 Rb8 29.Nxc8 Rxc8
30.Qb2+ Bf6 31.Rxc8 Qxc8 32.Qxb7 Qe6 33.Qxa6 Qa2 34.Qd3  1-0

[Event "BL2-W9697"]
[Site "Germany"]
[Date "1996.??.??"]
[Round "?.2"]
[White "Hall, Jesper"]
[Black "Van den Doel, Erik"]
[Result "1-0"]
[WhiteElo "2430"]
[BlackElo "2440"]

1.d4 Nf6 2.Bg5 Ne4 3.Bf4 c5 4.f3 Qa5+ 5.c3 Nf6 6.d5 d6 7.e4 g6 8.Nd2 Bg7
9.Nc4 Qc7 10.a4 O-O 11.Qd2 Nbd7 12.g4 Ne5 13.Nxe5 dxe5 14.Be3 c4 15.Qe2 e6
16.Qxc4 Qxc4 17.Bxc4 exd5 18.exd5 Rd8 19.Rd1 b6 20.g5 Ne8 21.Ne2 Nd6 22.Bd3 Nf5
23.Bxf5 gxf5 24.f4 Bb7 25.c4 exf4 26.Bd4 Re8 27.Kf2 Re4 28.Rd2 Bf8 29.Kf3 Bb4
30.Rd3 Rc8 31.b3 Bd6 32.Bf2 Rce8 33.Nd4 Bc8 34.Nb5 Bb8 35.a5 bxa5 36.Ra1 Re2
37.Rxa5 a6 38.Nd4 Rb2 39.c5 Bc7 40.Ra1 Re5 41.Re1 Re4 42.Re2 Rexe2 43.Nxe2 a5
44.Bd4 Rb1 45.d6 Bb8 46.Nxf4 Bb7+ 47.Kf2 Be4 48.d7 Bc7 49.Be5 Bd8 50.Bf6 Bxd3
51.Nxd3 Bc7 52.Be5 Bd8 53.c6 Rxb3 54.Nc5  1-0

[Event "Bundesliga 9596"]
[Site "Germany"]
[Date "1996.??.??"]
[Round "?"]
[White "Teske, Henrik"]
[Black "Ftacnik, Lubomir"]
[Result "1/2-1/2"]
[WhiteElo "2510"]
[BlackElo "2585"]

1.d4 Nf6 2.Bg5 Ne4 3.Bf4 c5 4.dxc5 Qa5+ 5.Nd2 e5 6.Bg3 Bxc5 7.e3 Nxd2 8.Qxd2 Qxd2+
9.Kxd2 d6 10.Bc4 Ke7 11.Ne2 Be6 12.Bxe6 Kxe6 13.Rhe1 Nc6 14.c3 Bb6 15.e4 h5
16.h4 Rad8 17.Kc2 f5 18.exf5+ Kxf5 19.Rad1 d5 20.Rd3 e4 21.Rd2 d4 22.cxd4 Ba5
23.Nc3 Nxd4+ 24.Kc1 Ne6 25.Bd6 Bxc3 26.bxc3 Nf4 27.Bxf4 Kxf4 28.Red1 Rxd2
29.Rxd2 Rf8 30.Kd1 Rc8 31.Kc2 Rc7 32.Rd5 Kg4 33.Re5 Kxh4 34.Rxe4+ Kg5 35.Kd3 Kf5
36.Rd4 g5 37.Rd5+ Kf4 38.Rd4+ Ke5 39.c4 h4 40.Ke3 Rh7 41.Rd5+ Kf6 42.Rd6+  1/2-1/2

[Event "Landesliga N9596 Bayern"]
[Site "Germany"]
[Date "1996.??.??"]
[Round "?"]
[White "Meulner, Klaus"]
[Black "Eckstein, Bernd"]
[Result "1/2-1/2"]
[WhiteElo "2135"]
[BlackElo "2160"]

1.d4 Nf6 2.Bg5 Ne4 3.Bf4 c5 4.f3 Nf6 5.dxc5 Qa5+ 6.Qd2 Qxc5 7.e4 d6 8.Nc3 a6
9.Nge2 Nbd7 10.O-O-O e5 11.Be3 Qc7 12.g4 Nb6 13.Ng3 Be6 14.g5 Nfd7 15.Nd5 Bxd5
16.exd5 Rc8 17.Kb1 Be7 18.Ne4 Nc4 19.Bxc4 Qxc4 20.Rhg1 b5 21.Rg4 Qc7 22.f4 f5
23.gxf6 Nxf6 24.Nxf6+ Bxf6 25.fxe5 Bxe5 26.Rf1 Rf8 27.Re1 Kf7 28.Bd4 Bxd4
29.Rxd4 Kg8 30.Rde4 Qc5 31.R4e2 Rf5 32.c3 Qxd5 33.Qxd5+ Rxd5 34.Re7 Rf8 35.R1e2 a5
36.Ra7 a4 37.a3 h5 38.Kc2 h4 39.Rg2 Rf7 40.Rxf7 Kxf7 41.b4 Rf5 42.Kd3 g5
43.c4 Rf3+ 44.Kd4 bxc4 45.Kxc4 Kf6 46.Kb5 Rxa3 47.Ka5 Ra1 48.b5 a3 49.b6 Rb1
50.Ra2 Rb3 51.Ka6 Ke5 52.b7 Kd4 53.Rf2 Ke3 54.Rc2 Kd3 55.Rg2 d5 56.Rxg5 d4
57.Ra5 Kc3 58.Rb5 Rxb5 59.Kxb5 a2 60.b8=Q a1=Q 61.Qc7+ Kb2 62.Qc4 Qd1 63.Kc5 d3
64.Kd4 d2 65.Qc3+ Ka2 66.Kd3 Qf3+ 67.Kxd2 Qf2+ 68.Kc1 Qxh2  1/2-1/2

[Event "Landesliga S9596 Bayern"]
[Site "Germany"]
[Date "1996.??.??"]
[Round "?"]
[White "Hahn, Christoph"]
[Black "Schmaus, Horst"]
[Result "1-0"]
[WhiteElo "2100"]
[BlackElo "2030"]

1.d4 Nf6 2.Bg5 Ne4 3.Bf4 c5 4.d5 Qb6 5.Nd2 Qxb2 6.Nxe4 Qb4+ 7.Qd2 Qxe4 8.c3 d6
9.f3 Qa4 10.e4 Nd7 11.Bd3 g6 12.Ne2 Bg7 13.O-O O-O 14.Bh6 Ne5 15.Bxg7 Kxg7
16.Bc2 Qa5 17.f4 Nc4 18.Qd3 b5 19.Qg3 Rb8 20.e5 Bb7 21.exd6 Nxd6 22.f5 Qc7
23.Nf4 Ne8 24.fxg6 fxg6 25.Ne6+  1-0

[Event "Bundesliga 9697"]
[Site "Germany"]
[Date "1996.??.??"]
[Round "?.3"]
[White "Breutigam, Martin"]
[Black "Hort, Vlastimil"]
[Result "1/2-1/2"]
[WhiteElo "2380"]
[BlackElo "2545"]

1.d4 Nf6 2.Bg5 Ne4 3.h4 d5 4.Nd2 Nxg5 5.hxg5 Nc6 6.Ngf3 Bf5 7.c4 e6 8.Qa4 Bb4
9.O-O-O O-O 10.c5 a6 11.g3 b5 12.Qb3 Bxd2+ 13.Kxd2 b4 14.e3 f6 15.Qa4 Qd7
16.gxf6 gxf6  1/2-1/2

[Event "Landesliga Sued 9697 Bayern"]
[Site "Germany"]
[Date "1996.??.??"]
[Round "?"]
[White "Inngauer, Wolfram"]
[Black "Volfovitch, Edouard"]
[Result "0-1"]
[WhiteElo "1995"]
[BlackElo "1965"]

1.d4 Nf6 2.Bg5 Ne4 3.Bh4 d5 4.e3 g5 5.Bg3 h5 6.f3 Nxg3 7.hxg3 Qd6 8.Kf2 Qb4
9.Qc1 Bf5 10.Nc3 c6 11.Bd3 Bxd3 12.cxd3 Nd7 13.f4 Nf6 14.Nf3 Ng4+ 15.Ke2 gxf4
16.gxf4 Bg7 17.Nd1 Rc8 18.Qc5 Qa4 19.b3 Qa6 20.Qc2 e6 21.Nf2 Kd7 22.Nxg4 hxg4
23.Ne5+ Bxe5 24.dxe5 Qa3 25.Rac1 Qe7 26.Rxh8 Rxh8 27.Qc5 Qxc5 28.Rxc5 b6
29.Rc1 c5 30.Kf2 Kc6 31.Kg3 Rg8 32.Rc2 Kb5 33.e4 d4 34.f5 Kb4 35.Rc4+ Kb5
36.Rc2 a5 37.Rc4 Kc6 38.Rc2 exf5 39.exf5 Kd5 40.Kf4 b5 41.e6 fxe6 42.fxe6 Re8
43.Kf5 Rxe6 44.Rxc5+ Kxc5 45.Kxe6 Kb4 46.Kd5 Kc3 47.Ke4 g3 48.a3 Kxb3 49.Kxd4 Kxa3
50.Kc5 b4 51.d4 b3 52.d5 b2 53.d6 b1=Q 54.d7 Qb8 55.d8=N Qxd8  0-1

[Event "Landesliga Sued 9697 Bayern"]
[Site "Germany"]
[Date "1996.??.??"]
[Round "?"]
[White "Boehm, Uwe"]
[Black "Schmidt, Anton"]
[Result "1/2-1/2"]
[WhiteElo "2195"]
[BlackElo "2100"]

1.d4 Nf6 2.Bg5 Ne4 3.Bf4 c5 4.f3 Qa5+ 5.c3 Nf6 6.Nd2 cxd4 7.Nb3 Qb6 8.Qxd4 Nc6
9.Qxb6 axb6 10.e4 e5 11.Be3 d5 12.exd5 Nxd5 13.Bf2 Be6 14.Nd2 Bc5 15.Bxc5 bxc5
16.Bb5 O-O 17.Ne2 Nce7 18.a3 Rfd8 19.Rc1 Ne3 20.Rg1 N7f5 21.Ne4 Nd6 22.Nxd6 Rxd6
23.Kf2 Nc4 24.Bxc4 Bxc4 25.Rgd1 Rad8 26.Ke1 f5 27.Ng3 g6 28.Rxd6 Rxd6 29.Rd1 Rxd1+
30.Kxd1 Kf7 31.Kd2 Kf6 32.Nh1 Bf1 33.Nf2 Bxg2 34.Ke2 e4 35.f4 g5 36.Ke3 Bf1
37.b4 cxb4 38.axb4 h5 39.Nd1 h4 40.Nb2 g4 41.Kf2 Bd3 42.Nd1 Bc4 43.Ne3 Be6
44.Kg2 Ke7 45.Kf2 Kd6 46.Kg2 Ke7 47.Kf2 Kf6 48.Kg2 Ba2 49.Kf2 Bb1 50.Kg2 Bd3
51.Kf2 Ke6 52.c4 Kf6 53.Nd5+ Kf7 54.Ne3 Kg6 55.Kg2 Be2 56.Kf2 Bf3  1/2-1/2

[Event "Bundesliga 9697"]
[Site "Germany"]
[Date "1996.??.??"]
[Round "?.3"]
[White "Miltner, Arndt"]
[Black "Lanka, Zigurds"]
[Result "0-1"]
[WhiteElo "2330"]
[BlackElo "2545"]

1.d4 Nf6 2.Bg5 Ne4 3.Bf4 c5 4.d5 Qb6 5.Bc1 g6 6.f3 Nd6 7.e4 Bg7 8.c3 O-O
9.Na3 f5 10.exf5 Nxf5 11.Qb3 Qf6 12.Nh3 Kh8 13.Bg5 Qf7 14.Nb5 Na6 15.O-O-O d6
16.Bc4 Nh4 17.Nf2 Nxg2 18.Ng4 Qxf3 19.h3 Bxg4 20.hxg4 Qxg4 21.Bxe7 Rfe8 22.Qc2 Rxe7
23.Rdg1 Qxc4 24.Qxg6 Qf4+ 25.Kb1 Nh4 26.Qc2 Rae8 27.Rf1 Qxf1+  0-1

[Event "Bundesliga 9697"]
[Site "Germany"]
[Date "1996.??.??"]
[Round "?.4"]
[White "Hodgson, Julian M"]
[Black "Sukharisingh, Ralf"]
[Result "1-0"]
[WhiteElo "2550"]
[BlackElo "2400"]

1.d4 Nf6 2.Bg5 Ne4 3.Bf4 d5 4.e3 Bf5 5.f3 Nf6 6.c4 c6 7.Nc3 e6 8.Qb3 Qc8
9.Rc1 Nbd7 10.g4 Bg6 11.h4 h6 12.Nh3 dxc4 13.Bxc4 Nb6 14.Nb5 Nfd5 15.Bxd5 Nxd5
16.e4 Nxf4 17.Nxf4 Qd7 18.d5 exd5 19.Nxd5 Rc8 20.Qc3 f6 21.O-O Bf7 22.Rfd1 Bxd5
23.exd5 c5 24.Re1+ Kf7 25.Qc4 Bd6 26.Re6 Bb8 27.Rce1 Rhe8 28.g5 hxg5 29.hxg5 a6
30.Qg4 Rcd8 31.Qh5+  1-0

[Event "Bundesliga 9697"]
[Site "Germany"]
[Date "1996.??.??"]
[Round "?.7"]
[White "Jugelt, Tobias"]
[Black "Kinsman, Andrew PH"]
[Result "1/2-1/2"]
[WhiteElo "2375"]
[BlackElo "2400"]

1.d4 Nf6 2.Bg5 Ne4 3.Bf4 c5 4.f3 Qa5+ 5.Nd2 Nxd2 6.Bxd2 Qb6 7.Bc3 e6 8.e4 cxd4
9.Bxd4 Bc5 10.Ne2 Nc6 11.Bxc5 Qxc5 12.Qd2 d5 13.exd5 exd5 14.Qc3 Qxc3+ 15.Nxc3 Be6
16.O-O-O O-O-O 17.Bb5 Kc7 18.Rd2 a6 19.Bd3 b5 20.Ne2 Kb6 21.Re1 Rhe8 22.Nf4 h6
23.Rde2 Rd6 24.Kd2 g5 25.Nh5 Rg8 26.Ng3 Rgd8 27.Rf2 Nb4 28.a3 Nxd3 29.Kxd3 d4
30.f4 gxf4 31.Rxf4 Bc4+ 32.Kd2 d3 33.c3 Rg8 34.Ref1 Rgg6 35.R1f2 Ka5 36.Nf5 Rdf6
37.g3 h5 38.Nd4 Rxf4 39.Rxf4 Ka4 40.Rh4 Rf6 41.Rf4 Rb6 42.Rf1 a5 43.Rb1 Ba2
44.Rf1 Bc4 45.Rf5 h4 46.gxh4 Rg6 47.Rg5 Rf6 48.Rf5 Rg6 49.Rf2 Rg4 50.Nf5 Kb3
51.Ke3 b4 52.cxb4 axb4 53.axb4 Kxb4 54.h5 Rg5 55.Ng3 Rg4 56.Nf5 Rg5 57.h6 Rh5
58.Nd6 Rxh6 59.Nxc4 Kxc4 60.Rf4+ Kb3 61.Kxd3  1/2-1/2

[Event "Goch op"]
[Site "Goch"]
[Date "1996.??.??"]
[Round "6"]
[White "Ydo, Pim"]
[Black "Graeber, Ivo"]
[Result "1-0"]
[WhiteElo "2140"]
[BlackElo "1900"]

1.d4 Nf6 2.Bg5 Ne4 3.Bf4 e6 4.f3 Bd6 5.Bxd6 Nxd6 6.e3 Nf5 7.Qd2 Qh4+ 8.Qf2 Qxf2+
9.Kxf2 d5 10.Bd3 Ne7 11.Ne2 Nbc6 12.c3 e5 13.Nd2 Bf5 14.Bxf5 Nxf5 15.Rhe1 O-O-O
16.Ng3 Nxg3 17.Kxg3 Rhe8 18.Kf2 exd4 19.exd4 Kd7 20.Nf1 g6 21.Ne3 Kd6 22.Ng4 h5
23.Ne3 Re6 24.g3 Ne7 25.Ng2 Re8 26.Nf4 Rxe1 27.Rxe1 Kd7 28.Nd3 Rb8 29.h4 c6
30.Ne5+ Ke8 31.g4 Rd8 32.Nd3 Kf8 33.gxh5 gxh5 34.Re5 f5 35.Nf4 Rd6 36.Nxh5 Rh6
37.Ng3 Rxh4 38.Rxe7 Rh2+ 39.Kg1 Rxb2 40.Nxf5 Rxa2 41.Rxb7 Ra3 42.Kf2 a5 43.Ra7 a4
44.Kg3 Rxc3 45.Rxa4 c5 46.dxc5 Rxc5 47.Rd4 Kf7 48.Kf4 Ke6 49.Ra4 Rc3 50.Ra6+ Kf7
51.Nd4  1-0

[Event "Goetzis-B"]
[Site "Goetzis"]
[Date "1996.??.??"]
[Round "2"]
[White "Dobosz, Henryk"]
[Black "Hardicsay, Peter"]
[Result "1/2-1/2"]
[WhiteElo "2375"]
[BlackElo "2395"]

1.d4 Nf6 2.Bg5 Ne4 3.Bf4 d5 4.Nd2 Bf5 5.e3 e6 6.Ngf3 c6 7.Bd3 Nxd2 8.Qxd2 Nd7
9.O-O Be7 10.Bxf5 exf5 11.Qd3 g6 12.Bh6 Bf8 13.Bxf8 Kxf8 14.c4 dxc4 15.Qxc4 Nb6
16.Qc5+ Kg7 17.b4 Re8 18.Rfc1 a6 19.a4 Rc8 20.g3 Nd5 21.Rab1 Rc7 22.Ne5 f6
23.Nd3 g5 24.Qc2 Qc8 25.Re1 h6  1/2-1/2

[Event "Gran Canaria op"]
[Site "Gran Canaria"]
[Date "1996.??.??"]
[Round "?"]
[White "Romero Holmes, Alfonso"]
[Black "Perdomo, Jose"]
[Result "1-0"]
[WhiteElo "2425"]
[BlackElo "2265"]

1.d4 Nf6 2.Bg5 Ne4 3.Bf4 d5 4.e3 Bf5 5.c4 e6 6.Qb3 Qc8 7.cxd5 exd5 8.Qxd5 Bb4+
9.Ke2 O-O 10.f3 Re8 11.fxe4 Bxe4 12.Qg5 h6 13.Qg3 Nc6 14.Kf2 Bxb1 15.Rxb1 Qf5
16.Rd1 g5 17.Bd3 Qf6 18.Nf3  1-0

[Event "Gran Canaria op"]
[Site "Gran Canaria"]
[Date "1996.??.??"]
[Round "?"]
[White "Gerer, Josef"]
[Black "Rodriguez, Cesar"]
[Result "1-0"]
[WhiteElo "2215"]
[BlackElo "2275"]

1.d4 Nf6 2.Bg5 Ne4 3.Bf4 d5 4.e3 e6 5.Bd3 Bd6 6.Ne2 O-O 7.O-O Nc6 8.c4 Ne7
9.f3 Nf6 10.Bg5 Ng6 11.c5 Be7 12.Bxf6 Bxf6 13.f4 Ne7 14.g4 h6 15.Nd2 Nc6
16.Nf3 Be7 17.Kh1 e5 18.fxe5 Bxg4 19.Qe1 Bxf3+ 20.Rxf3 Bg5 21.Qg3 Qe7 22.Rg1 g6
23.Nf4 Bxf4 24.Rxf4 Qg5 25.Qh3  1-0

[Event "Koop Tjuchem"]
[Site "Groningen"]
[Date "1996.??.??"]
[Round "5"]
[White "Hodgson, Julian M"]
[Black "Shirov, Alexei"]
[Result "1/2-1/2"]
[WhiteElo "2550"]
[BlackElo "2685"]

1.d4 Nf6 2.Bg5 Ne4 3.Bf4 c5 4.f3 Nf6 5.dxc5 b6 6.e4 bxc5 7.Nc3 Nc6 8.Bc4 g6
9.Nb5 d6 10.e5 dxe5 11.Qxd8+ Kxd8 12.O-O-O+ Nd7 13.Be3 a6 14.Nc3 e6 15.Ne4 Kc7
16.Ng5 h6 17.Ne4 f5 18.Nd2 Nb6 19.Ne2 Bd7 20.Rhe1 Bd6 21.a3 Nd5 22.Bg1 Nd4
23.Ba2 Rhe8 24.Nc4 Ba4 25.Rd2 Be7 26.Nxe5 Bg5 27.Nxd4 cxd4 28.Bxd5 exd5 29.Bxd4 Re6
30.g3 Bxd2+ 31.Kxd2 g5 32.b3 Bc6 33.Ke3 f4+ 34.gxf4 Rf8 35.fxg5 hxg5 36.Kf2  1/2-1/2